000 01199nam a2200229Ia 4500
999 _c40315
_d40315
001 6923
003 GE_BSU
005 20200206114838.0
008 181216s1985||||ge |||||||||||||| ||geo||
040 _cGE_BSU
041 _ageo
080 _a821.353.1.09 გ-85
100 _aგრიშაშვილი, იოსებ.
_96813
245 _aთხზულებანი 5 ტომად ტომი 4 :
_bწერილები და ნარკვევები 1915-1943 /
_cიოსებ გრიშაშვილი ; ტომის რედ. სოლომონ ხუციშვილი ; ტომი გამოსაცემად მოამზადა და შენიშვნები დაურთო იოსებ ლორთქიფანიძემ.
264 _aთბილისი :
_bსაბჭ.საქართველო,
_c1985.
300 _a404 გვ. ;
_c21 სმ.
653 _aთხზულებანი
653 _aწერილები
653 _a ნარკვევები
700 _aხუციშვილი, სოლომონ
_eრედაქტორი
_96475
942 _cBK
_2udc